| 000 | 00428nam a2200145Ia 4500 | ||
|---|---|---|---|
| 008 | 231129s2009||||xx |||||||||||||| ||spa|| | ||
| 020 | _a978-958-97580-7-6 | ||
| 040 | _bspa | ||
| 082 | _aCo863.6 A973n | ||
| 100 | _aAyala Poveda Fernando | ||
| 245 | 0 | _aNo tengo un peso y me llamo Silva | |
| 260 | _c2009 | ||
| 264 | _aInstituto Municipal de Cultura y Fomento al Turismo | ||
| 942 |
_2ddc _cBKS |
||
| 999 |
_c21734 _d21734 |
||